Fr. Conceicao Rodrigues College of Engineering

Microsoft Excel 2016: Data Analysis and Business Modeling (Record no. 22831)

MARC details
000 -LEADER
fixed length control field 00364nam a2200157Ia 4500
082 ## - DEWEY DECIMAL CLASSIFICATION NUMBER
Item number WIN
100 ## - MAIN ENTRY--PERSONAL NAME
Personal name Winston/Wayne L
245 ## - TITLE STATEMENT
Title Microsoft Excel 2016: Data Analysis and Business Modeling
260 ## - PUBLICATION, DISTRIBUTION, ETC.
Name of publisher, distributor, etc. New Age Int (P) Ltd
Date of publication, distribution, etc. 2016
366 ## - TRADE AVAILABILITY INFORMATION
Publishers's discount category 25
300 ## - PHYSICAL DESCRIPTION
Extent 836
546 ## - LANGUAGE NOTE
Language note ENGLISH
650 ## - SUBJECT ADDED ENTRY--TOPICAL TERM
Topical term or geographic name entry element Microsoft excel 2016
942 ## - ADDED ENTRY ELEMENTS (KOHA)
Koha item type BOOK
Holdings
Withdrawn status Lost status Damaged status Not for loan Collection Home library Current library Date acquired Source of acquisition Cost, normal purchase price Inventory number Total Checkouts Full call number Barcode Date last seen Date last checked out Cost, replacement price Price effective from Koha item type
        CRC Fr. Agnel's C.Rodrigues College of Engineering Fr. Agnel's C.Rodrigues College of Engineering 17/03/2023 Allied Publisher 596.25 894 dt 09.01.2018 1 WIN 25143 24/02/2025 02/12/2024 795.00   BOOK